00546nam a22001817a 450000500170000001000150001702000260003203500140005803700090007208200110008110000190009224500710011125000060018226000410018827000880022930000190031770000280033620250707142313.0 aENG-145744 a9789361590771c440.00 aEN-129276 bDBAD a50021 aGupta, Prakash aNTA CUET UG 2025:bMathematics/cPrakash Gupta [and] Prashant Jain a1 aNoidabPearson India Educationc2025 a15th Floor, Towe-B, World Trade Tower, Plot No.1, Block-C, Sector-16bNoidae201301 avpp.c23cm(pb) aJain, Prashant eAuthor